000
00193 a2200097 4500
020
_a
9788426372864
041
_a
spa
100
_a
Marcos Calveiro
245
_a
El cartero de bagdad
942
_c
BK
999
_c
29469
_d
29467